Estatísticas para você conhece todas as músicas da Taylor Swift?

Clique aqui para jogar o quiz

Estatísticas Gerais

  • Esse quiz foi jogado 3 779 vezes
    (136 desde o último reset)
  • A pontuação média é 100 de 200

Estatísticas das Respostas

Taylor Swift% Correto
Lover
86%
Red
86%
Fearless
85%
Blank Space
81%
All Too Well
79%
Long Live
79%
ME!
79%
Speak Now
79%
cardigan
78%
Ours
78%
You Belong With Me
76%
Love Story
75%
the 1
75%
The Archer
75%
august
74%
Ready For It
74%
betty
73%
Cruel Summer
73%
Picture To Burn
73%
Style
73%
Welcome To New York
73%
Anti-Hero
71%
Enchanted
71%
Shake It Off
71%
Tim McGraw
71%
22
70%
Dear John
70%
Delicate
70%
Dress
70%
evermore
70%
Karma
70%
Look What You Made Me Do
70%
Bad Blood
69%
End Game
69%
The Man
69%
willow
69%
Back To December
68%
Don't Blame Me
68%
Getaway Car
66%
marjorie
66%
Mine
66%
Our Song
66%
Out Of The Woods
66%
Lavender Haze
65%
Midnight Rain
65%
New Romantics
65%
New Years Day
65%
London Boy
64%
Daylight
63%
exile
63%
Invisible
63%
Maroon
63%
Sparks Fly
63%
Gorgeous
61%
King Of My Heart
61%
Paper Rings
61%
You Need To Calm Down
61%
Cornelia Street
60%
Teardrops On My Guitar
60%
tolerate it
60%
Wildest Dreams
60%
I Knew You Were Trouble
59%
Mean
59%
Call It What You Want
58%
White Horse
58%
champagne problems
56%
Clean
56%
hoax
56%
Mastermind
56%
Miss Americana And The Heartbreak Prince
56%
Slut
56%
Snow On The Beach
56%
the last great american dynasty
56%
Vigilante Shit
56%
We Are Never Ever Getting Back Together
56%
Afterglow
55%
Fifteen
55%
I Forgot That You Existed
55%
peace
55%
seven
55%
Mr Perfectly Fine
54%
my tears ricochet
54%
Say Don’t Go
54%
State Of Grace
54%
the lakes
54%
Wonderland
54%
I Did Something Bad
53%
illicit affairs
53%
Mary's Song
53%
mirrorball
53%
Paris
53%
This Is Why We Can't Have Nice Things
53%
You're On Your Own, Kid
53%
I Can See You
51%
Is It Over Now
50%
Now That We Don’t Talk
50%
This Love
50%
When Emma Falls in Love
50%
dorothea
49%
How You Get The Girl
49%
invisible string
49%
Question
49%
Ronan
49%
So It Goes
49%
The Way I Loved You
49%
Bejeweled
48%
Better Than Revenge
48%
Haunted
48%
I Know Places
48%
no body no crime
48%
Superman
48%
You Are In Love
48%
cowboy like me
46%
Dancing With Our Hands Tied
46%
False God
46%
I Bet You Think About Me
46%
Innocent
46%
Suburban Legends
46%
gold rush
45%
I Think He Knows
45%
It's Nice To Have A Friend
45%
Last Kiss
45%
The Story Of Us
45%
All You Had To Do Was Stay
44%
Babe
44%
Stay Stay Stay
44%
All Too Well 10 Minute
43%
epiphany
43%
Nothing New
43%
The Great War
43%
this is me trying
43%
Timeless
43%
Better Man
41%
Castles Crumbling
41%
ivy
41%
right where you left me
41%
Bigger Than The Whole Sky
40%
Cold As You
40%
Death By A Thousand Cuts
40%
I Wish You Would
40%
Sweet Nothing
40%
Dear Reader
39%
Hey Stephen
39%
Never Grow Up
39%
closure
38%
Foolish One
38%
Glitch
38%
Soon You'll Get Better
38%
The Last Time
38%
'tis the damn season
38%
A Place in this World
36%
Begin Again
36%
coney island
36%
happiness
36%
long story short
36%
mad woman
36%
Should've Said No
36%
Electric Touch
35%
Forever and Always
35%
High Infidelity
35%
Hits Different
35%
Starlight
35%
Would've Could've Should've
35%
Everything Has Changed
34%
it's time to go
34%
Treacherous
34%
Bye Bye Baby
33%
Change
33%
Come Back Be Here
33%
Holy Ground
33%
Message In A Bottle
33%
Stay Beautiful
33%
The Best Day
33%
The Very First Night
33%
Forever Winter
31%
Girl At Home
31%
Jump Then Fall
31%
Labyrinth
31%
Breathe
30%
Don't You
30%
I Almost Do
30%
The Other Side Of The Door
30%
Run
29%
Tell Me Why
29%
The Moment I Knew
29%
A Perfectly Good Heart
28%
Sad Beautiful Tragic
28%
The Outside
28%
Superstar
26%
The Lucky One
26%
Untouchable
26%
You're Not Sorry
26%
I'm Only Me When I'm With You
25%
Tied Together with a Smile
25%
That's When
24%
Today Was A Fairytale
21%
If This Was A Movie
19%
Come In With The Rain
18%
We Were Happy
18%
You All Over Me
16%

Distribuição das Pontuações

Percentil de Números Respondidos

Porcentagem de Pessoas com Cada Pontuação

Sua Pontuação Histórica

Você não jogou esse quiz desde o último reset